| 000 | 00543nam a22001697a 4500 | ||
|---|---|---|---|
| 003 | SISC | ||
| 005 | 20170606131035.0 | ||
| 008 | 150911b xxu||||| |||| 00| 0 eng d | ||
| 020 | _a9786214060405 | ||
| 050 |
_aDS 675.8 _b.P191 2016 |
||
| 100 | _aPangilinan, Michael G. | ||
| 245 |
_aDr. Jose P. Rizal : _blife, works and writings / _cMichael C. Pangilinan. |
||
| 260 |
_aManila : _bMindshapers Co., Inc., _c2016. |
||
| 300 |
_aviii, 228 pages ; _b23 cm. |
||
| 500 | _aincludes glossary and bibliographical references. | ||
| 942 |
_2lcc _cBK _kFIL |
||
| 999 |
_c335206 _d335206 |
||